000 00445nam a2200181Ia 4500
001 17176
005 20260306170405.0
008 260306t2015||||xx |||||||||||||| ||und||
041 _aESP
082 _a657.48
_bP13
100 _aPacheco Contreras, Johnny Martín
_eAUT
245 0 _aContabilidad financiera con excel
260 _c2015
300 _a349 páginas :
_c25 cm.
650 _aGEN
654 _aCCO
942 _cLIB
_dJUS
_fJUS
_2ddc
_n
999 _c17176
_d17176